First Appearances Of MCU Characters - Statistics

General Stats
  • This quiz has been taken 59 times
  • The average score is 150 of 261
Answer Stats
Character Movie % Correct
Tony Stark (Iron Man) Iron Man
100%
Steve Rogers (Captain America) Captain America: The First Avenger
95%
Bruce Banner (The Hulk) The Incredible Hulk
95%
James "Rhodey" Rhodes (War Machine) Iron Man
93%
Thor Thor
93%
Bucky Barnes (Winter Soldier) Captain America: The First Avenger
88%
Clint Barton (Hawkeye) Thor
88%
Natasha Romanoff (Black Widow) Iron Man 2
85%
Scott Lang (Ant-Man) Ant-Man
83%
Hope Van Dyne (The Wasp) Ant-Man
83%
Stephen Strange (Doctor Strange) Doctor Strange
83%
Vision Avengers: Age of Ultron
80%
T'Challa (Black Panther) Captain America: Civil War
80%
Peter Parker (Spider-Man) Captain America: Civil War
80%
Carol Danvers (Captain Marvel) Captain Marvel
80%
Peter Quill (Star-Lord) Guardians of the Galaxy
80%
Gamora Guardians of the Galaxy
80%
Drax the Destroyer Guardians of the Galaxy
80%
Rocket Raccoon Guardians of the Galaxy
80%
Groot Guardians of the Galaxy
80%
Nebula Guardians of the Galaxy
80%
Peggy Carter/Captain Carter Captain America: The First Avenger
78%
Nick Fury Iron Man
78%
Phil Coulson Iron Man
78%
Yelena Bolova Black Widow
75%
Johann Schmidt (Red Skull) Captain America: The First Avenger
75%
Arnim Zola Captain America: The First Avenger
75%
Wong Doctor Strange
75%
Mantis Guardians of the Galaxy Vol. 2
75%
Pepper Potts Iron Man
75%
Harold "Happy" Hogan Iron Man
75%
Obadiah Stane (Iron Monger) Iron Man
75%
Hank Pym Ant-Man
73%
Janet Van Dyne Ant-Man
73%
Karl Mordo (Baron Mordo) Doctor Strange
73%
The Ancient One Doctor Strange
73%
Yondu Udonta Guardians of the Galaxy
73%
Moon Knight Moon Knight
73%
Maria Hill The Avengers
73%
Jane Foster (The Mighty Thor) Thor
73%
Odin Thor
73%
Frigga Thor
73%
Heimdall Thor
73%
Loki Thor
73%
Laufey Thor
73%
Kraglin Obfonteri Guardians of the Galaxy
70%
Kate Bishop Hawkeye
70%
Kamala Khan (Ms. Marvel) Ms. Marvel
70%
Emil Blonsky (Abomination) The Incredible Hulk
70%
Dr. Erik Selvig Thor
70%
Brunnhilde (Valkyrie) Thor: Ragnarok
70%
Ultron Avengers: Age of Ultron
68%
Sam Wilson (Falcon) Captain America: The Winter Soldier
68%
America Chavez Doctor Strange in the Multiverse of Madness
68%
Sersi Eternals
68%
Ikaris Eternals
68%
Ajak Eternals
68%
Thena Eternals
68%
Kingo Eternals
68%
Sprite Eternals
68%
Phastos Eternals
68%
Makkari Eternals
68%
Druig Eternals
68%
Gilgamesh Eternals
68%
Dane Whitman Eternals
68%
Ivan Vanko (Whiplash) Iron Man 2
68%
Justin Hammer Iron Man 2
68%
Trevor Slattery (The Mandarin) Iron Man 3
68%
Darren Cross (Yellowjacket) Ant-Man
65%
Pietro Maximoff (Quicksilver) Captain America: the Winter Soldier
65%
Sharon Carter (Agent 13) Captain America: The Winter Soldier
65%
Christine Palmer Doctor Strange
65%
Dormammu Doctor Strange
65%
Kaecilius Doctor Strange
65%
Ronan the Accuser Guardians of the Galaxy
65%
Aldrich Killian Iron Man 3
65%
Erik "Killmonger" Stevens/N'Jadaka Black Panther
63%
Ego Guardians of the Galaxy Vol. 2
63%
Quentin Beck (Mysterio) Spider-Man: Far From Home
63%
Thanos The Avengers
63%
Ulysses Klaue Avengers: Age of Ultron
60%
Taserface Guardians of the Galaxy Vol. 2
60%
Howard Stark Iron Man
60%
Shang-Chi Shang-Chi and the Legend of the Ten Rings
60%
Adrian Toomes (Vulture) Spider-Man: Homecoming
60%
Norman Osborn (Green Goblin) Spider-Man: No Way Home
60%
Otto Octavius (Doctor Octopus) Spider-Man: No Way Home
60%
Max Dillon (Electro) Spider-Man: No Way Home
60%
Flint Marko (Sandman) Spider-Man: No Way Home
60%
Curt Connors (Lizard) Spider-Man: No Way Home
60%
Thaddeus "Thunderbolt" Ross The Incredible Hulk
60%
Betty Ross The Incredible Hulk
60%
Cassie Lang Ant-Man
58%
Maggie Lang Ant-Man
58%
Morgan Stark Avengers: Endgame
58%
Ramonda Black Panther
58%
N'Jobu Black Panther
58%
Shuri Black Panther
58%
Nakia Black Panther
58%
Zuri Black Panther
58%
M'Baku (Man-Ape) Black Panther
58%
W'Kabi Black Panther
58%
Helmut Zemo Captain America: Civil War
58%
Maria Stark Captain America: Civil War
58%
May Parker Captain America: Civil War
58%
T'Chaka Captain America: Civil War
58%
Maria Rambeau/Captain Marvel Captain Marvel
58%
Brad Davis Spider-Man: Far From Home
58%
Herman Shultz (Shocker) Spider-Man: Homecoming
58%
Phineas Mason (Tinkerer) Spider-Man: Homecoming
58%
Hela Thor: Ragnarok
58%
Malekith Thor: The Dark World
58%
Luis Ant-Man
55%
Kurt Ant-Man
55%
Dave Ant-Man
55%
Jim Paxton Ant-Man
55%
Ava Starr (Ghost) Ant-Man and the Wasp
55%
Okoye Black Panther
55%
Monica Rambeau Captain Marvel
55%
Ayesha Guardians of the Galaxy Vol. 2
55%
Michelle "MJ" Jones Spider-Man: Homecoming
55%
Ned Leeds Spider-Man: Homecoming
55%
Betty Brant Spider-Man: Homecoming
55%
Flash Thompson Spider-Man: Homecoming
55%
Liz Toomes Spider-Man: Homecoming
55%
Eddie Brock (Venom) Spider-Man: No Way Home
55%
Peter Parker ("Amazing" Spider-Man) Spider-Man: No Way Home
55%
Peter Parker ("Friendly Neighborhood" Spider-Man) Spider-Man: No Way Home
55%
Darcy Lewis Thor
55%
Lady Sif Thor
55%
Volstagg Thor
55%
Fandral Thor
55%
Hogun Thor
55%
Love Thor: Love and Thunder
55%
Grandmaster Thor: Ragnarok
55%
Korg Thor: Ragnarok
55%
Sonny Burch Ant-Man and the Wasp
53%
Alexei Shostakov (Red Guardian) Black Widow
53%
Melina Vostokoff Black Widow
53%
Ayo Captain America: Civil War
53%
Dr. Abraham Erskine Captain America: The First Avenger
53%
Heinz Kruger Captain America: The First Avenger
53%
Alexander Pierce Captain America: The Winter Soldier
53%
Talos Captain Marvel
53%
Yon-Rogg Captain Marvel
53%
Supreme Intelligence Captain Marvel
53%
Minn-Erva Captain Marvel
53%
Eleanor Bishop Hawkeye
53%
Ho Yinsen Iron Man
53%
Raza Iron Man
53%
William Ginter Riva Iron Man
53%
Xu Wenwu Shang-Chi and the Legend of the Ten Rings
53%
Matt Murdock (Daredevil) Spider-Man: No Way Home
53%
Jasper Sitwell The Avengers
53%
Gorr the God Butcher Thor: Love and Thunder
53%
Topaz Thor: Ragnarok
53%
Surtur Thor: Ragnarok
53%
Miek Thor: Ragnarok
53%
Laura Barton Avengers: Age of Ultron
50%
Antonia Dreykov (Taskmaster) Black Widow
50%
Everett K. Ross Captain America: Civil War
50%
Colonel Chester Phillips Captain America: The First Avenger
50%
Timothy "Dum Dum" Dugan Captain America: The First Avenger
50%
Jacques Dernier Captain America: The First Avenger
50%
Gabriel Jones Captain America: The First Avenger
50%
James Montgomery Falsworth Captain America: The First Avenger
50%
Jim Morita Captain America: The First Avenger
50%
Brock Rumlow (Crossbones) Captain America: The Winter Soldier
50%
Soren Captain Marvel
50%
Mar-Vell/Wendy Lawson Captain Marvel
50%
Irani Rael (Nova Prime) Guardians of the Galaxy
50%
Korath the Pursuer Guardians of the Galaxy
50%
Mobius M. Mobius Loki
50%
Hunter B-15 Loki
50%
Ravonna Renslayer Loki
50%
Miss Minutes Loki
50%
Sylvie (Lady Loki) Loki
50%
Classic Loki Loki
50%
Boastful Loki Loki
50%
Kid Loki Loki
50%
Katy Chen Shang-Chi and the Legend of the Ten Rings
50%
Xu Xialing Shang-Chi and the Legend of the Ten Rings
50%
Ying Li Shang-Chi and the Legend of the Ten Rings
50%
Razor Fist Shang-Chi and the Legend of the Ten Rings
50%
Ying Nan Shang-Chi and the Legend of the Ten Rings
50%
Guang Bo Shang-Chi and the Legend of the Ten Rings
50%
J. Jonah Jameson Spider-Man: Far From Home
50%
The Other The Avengers
50%
Zeus Thor: Love and Thunder
50%
Hercules Thor: Love and Thunder
50%
Skurge the Executioner Thor: Ragnarok
50%
Dr. Helen Cho Avengers: Age of Ultron
48%
Corvus Glaive Avengers: Infinity War
48%
Proxima Midnight Avengers: Infinity War
48%
Ebony Maw Avengers: Infinity War
48%
Cull Obsidian Avengers: Infinity War
48%
Dreykov Black Widow
48%
Baron Wolfgang von Strucker Captain America: The Winter Solder
48%
Wanda Maximoff (Scarlet Witch) Captain America: The Winter Soldier
48%
Dr. List Captain America: The Winter Soldier
48%
"Blackagar Boltagon (Black Bolt) Doctor Strange in the Multiverse of Madness
48%
Reed Richards (Mr. Fantastic) Doctor Strange in the Multiverse of Madness
48%
"Charles Xavier (Professor X) Doctor Strange in the Multiverse of Madness
48%
Howard the Duck Guardians of the Galaxy
48%
Maya Lopez (Echo) Hawkeye
48%
Kazi Kazimierczak (Clown) Hawkeye
48%
Derek Bishop Hawkeye
48%
Christine Everhart Iron Man
48%
Harley Keener Iron Man 3
48%
Aaron Davis (Prowler?) Spider-Man: Homecoming
48%
Mac Gargan (Scorpion) Spider-Man: Homecoming
48%
John Walker (U.S Agent) The Falcon and The Winter Soldier
48%
Samuel Sterns The Incredible Hulk
48%
Algrim (Kurse) Thor: The Dark World
48%
Taneleer Tivan (The Collector) Thor: The Dark World
48%
Agatha "Agnes" Harkness WandaVision
48%
Jimmy Woo Ant-Man & the Wasp
45%
Eitri Avengers: Infinity War
45%
Master Hamir Doctor Strange
45%
Jonathan Pangborn Doctor Strange
45%
Nicodemus West Doctor Strange
45%
Arishem the Judge Eternals
45%
Kro Eternals
45%
Rhomann Dey Guardians of the Galaxy
45%
Stakar "Starhawk" Ogord Guardians of the Galaxy Vol. 2
45%
Jack Duquesne Hawkeye
45%
Armand Duquesne III Hawkeye
45%
Wilson Fisk (Kingpin) Hawkeye
45%
Maya Hansen Iron Man 3
45%
Eric Savin Iron Man 3
45%
Ellen Brandt Iron Man 3
45%
Arthur Harrow Moon Knight
45%
Layla Abdallah El-Faouly (Scarlet Scarab) Moon Knight
45%
Khonshu Moon Knight
45%
Taweret Moon Knight
45%
Ammit Moon Knight
45%
Julius Dell Spider-Man: Far From Home
45%
Roger Harrington Spider-Man: Homecoming
45%
Andre Wilson Spider-Man: Homecoming
45%
Karli Morgenthau The Falcon and The Winter Soldier
45%
Dr. Leonard Samson The Incredible Hulk
45%
Carina Thor: The Dark World
45%
Mitchell Carson Ant-Man
43%
Bill Foster Ant-Man & The Wasp
43%
Clea Doctor Strange in the Multiverse of Madness
43%
Karun Patel Eternals
43%
Eros (Starfox) Eternals
43%
Pip the Troll Eternals
43%
Eric Brooks (Blade) Eternals
43%
Senator Stern Iron Man 2
43%
President Matthew Ellis Iron Man 3
43%
He Who Remains Loki
43%
Lemar Hoskins (Battlestar) The Falcon and The Winter Soldier
43%
Tyler Hayward WandaVision
43%
Uatu (The Watcher) What If...?
43%
Georges Batroc Captain America: The Winter Soldier
40%
Axl Thor: Love and Thunder
40%
Joaquin Torres The Falcon and The Winter Soldier
38%
Contessa Valentina Allegra de Fontaine The Falcon and the Winter Soldier
38%
Ian Boothby Thor: The Dark World
38%
Ralph Bohner / Fietro Maximoff WandaVision
38%
No matching quizzes found
Score Distribution
Percent of People with Each Score
Percentile by Number Answered
Your Score History
You have not taken this quiz